[Event "SC Gronau 1-SC Steinfurt 1"]
[Site "?"]
[Date "2023.11.11"]
[Round "3.1"]
[White "Rieke, Theo"]
[Black "Kamphuis, Jasper"]
[Result "1/2-1/2"]
[WhiteElo "1962"]
[BlackElo "2099"]
[PlyCount "96"]
[EventDate "2023.??.??"]
[SourceTitle "Verband Muensterland"]
[SourceDate "2023.10.22"]
[SourceVersion "1"]
[SourceVersionDate "2023.10.22"]
[SourceQuality "1"]
[WhiteTeam "Steinfurt 1"]
[BlackTeam "Gronau 1"]

1. e4 e5 2. Nf3 Nc6 3. Bb5 a6 4. Ba4 b5 5. Bb3 Na5 6. O-O d6 7. c3 Nxb3 8. axb3
g5 9. d3 g4 10. Ne1 h5 11. f4 Bb7 12. Qe2 Qd7 13. Be3 O-O-O 14. Nd2 Ne7 15. Nc2
Nc6 16. c4 exf4 17. Rxf4 Bg7 18. Raf1 Rdf8 19. d4 Nd8 20. Rf5 Ne6 21. d5 Nc5
22. e5 Qe8 23. Bd4 Kb8 24. b4 Nd7 25. e6 Bxd4+ 26. Nxd4 Ne5 27. exf7 Qd7 28. b3
Rxf7 29. Rxf7 Nxf7 30. Qe6 Ne5 31. Qxd7 Nxd7 32. Ne6 Bc8 33. Rf7 h4 34. Rg7 h3
35. Rxg4 Ne5 36. Rg7 Bxe6 37. dxe6 Re8 38. e7 hxg2 39. Kxg2 Nc6 40. Ne4 Kc8 41.
h4 Rxe7 42. Rxe7 Nxe7 43. h5 Nf5 44. Kf3 Kd7 45. Kf4 Ke6 46. Ng5+ Kf6 47. Ne4+
Ke6 48. Ng5+ Kf6 1/2-1/2

[Event "SC Gronau 1-SC Steinfurt 1"]
[Site "?"]
[Date "2023.11.11"]
[Round "3.2"]
[White "Monsma, Menno"]
[Black "Arning, Marcus"]
[Result "1-0"]
[WhiteElo "2046"]
[BlackElo "1980"]
[PlyCount "49"]
[EventDate "2023.??.??"]
[SourceTitle "Verband Muensterland"]
[SourceDate "2023.10.22"]
[SourceVersion "1"]
[SourceVersionDate "2023.10.22"]
[SourceQuality "1"]
[WhiteTeam "Gronau 1"]
[BlackTeam "Steinfurt 1"]

1. e4 e5 2. Nf3 Nc6 3. Bb5 a6 4. Ba4 Nf6 5. O-O b5 6. Bb3 Bb7 7. c3 Nxe4 8. Re1
d5 9. d3 Nc5 10. Nxe5 Nxe5 11. Rxe5+ Ne6 12. Qg4 Qf6 13. d4 Bd6 14. Re1 Qg6 15.
Qxg6 hxg6 16. g3 O-O-O 17. Nd2 c5 18. Nf3 cxd4 19. cxd4 Bb4 20. Re2 Rh5 21. Bc2
Kb8 22. Bxg6 Nxd4 23. Bf4+ Bd6 24. Bxd6+ Rxd6 25. Re8+ 1-0

[Event "SC Gronau 1-SC Steinfurt 1"]
[Site "?"]
[Date "2023.11.11"]
[Round "3.3"]
[White "Janning, Rainer"]
[Black "Reckzuegel, Philipp"]
[Result "1/2-1/2"]
[WhiteElo "1904"]
[BlackElo "1832"]
[PlyCount "122"]
[EventDate "2023.??.??"]
[SourceTitle "Verband Muensterland"]
[SourceDate "2023.10.22"]
[SourceVersion "1"]
[SourceVersionDate "2023.10.22"]
[SourceQuality "1"]
[WhiteTeam "Steinfurt 1"]
[BlackTeam "Gronau 1"]

1. f4 d5 2. g3 Nf6 3. Nf3 g6 4. Bg2 Bg7 5. O-O O-O 6. d3 c6 7. c3 Qb6+ 8. Kh1
Rd8 9. Na3 Ng4 10. d4 Nd7 11. Ne5 Ndf6 12. h3 Nxe5 13. fxe5 Ne4 14. Qe1 Be6 15.
Nc2 Rac8 16. Kh2 c5 17. e3 Qc7 18. Bxe4 dxe4 19. Qf2 Bc4 20. Rg1 b5 21. Ne1 a5
22. Bd2 a4 23. Ng2 Qd7 24. Be1 f6 25. exf6 exf6 26. Nf4 f5 27. h4 Qf7 28. a3
Bb3 29. Rg2 cxd4 30. exd4 Re8 31. Bd2 Bf8 32. Be3 Bd6 33. Qe2 Bc4 34. Qd2 Qe7
35. Nh3 Qxh4 36. Rh1 Qe7 37. Kg1 Qc7 38. Nf4 Re7 39. Rgh2 Rf8 40. Qe1 g5 41.
Nh5 h6 42. Qd2 Kf7 43. Bxg5 hxg5 44. Qxg5 Ke6 45. Qh6+ Kf7 46. Qg7+ Ke8 47.
Nf6+ Rxf6 48. Qxf6 Rf7 49. Rh8+ Kd7 50. R1h7 Kc6 51. Rxf7 Qxf7 52. Qd8 Bd5 53.
Rh6 Be6 54. Qa8+ Kb6 55. d5 Qg7 56. Qc6+ Ka7 57. Qxd6 Qxh6 58. dxe6 Qe3+ 59.
Kh2 Qe2+ 60. Kh3 Qh5+ 61. Kg2 Qe2+ 1/2-1/2

[Event "SC Gronau 1-SC Steinfurt 1"]
[Site "?"]
[Date "2023.11.11"]
[Round "3.4"]
[White "Hoge, Torsten"]
[Black "Haselhorst, Helmut"]
[Result "1/2-1/2"]
[WhiteElo "1895"]
[BlackElo "1985"]
[PlyCount "142"]
[EventDate "2023.??.??"]
[SourceTitle "Verband Muensterland"]
[SourceDate "2023.10.22"]
[SourceVersion "1"]
[SourceVersionDate "2023.10.22"]
[SourceQuality "1"]
[WhiteTeam "Gronau 1"]
[BlackTeam "Steinfurt 1"]

1. d4 Nf6 2. Bf4 g6 3. Nc3 Bg7 4. e4 d6 5. e5 Nh5 6. Qf3 O-O 7. O-O-O Nc6 8.
Be3 f5 9. exf6 Nxf6 10. Bc4+ Kh8 11. Qe2 e5 12. dxe5 Nxe5 13. h3 Qe7 14. Bg5
Qd7 15. Bb3 Ng8 16. Be3 c6 17. Kb1 d5 18. Bd4 Re8 19. f4 Nf7 20. Bxg7+ Kxg7 21.
Qf2 Qf5 22. g4 Qe6 23. Nf3 Qe3 24. Qg3 Bd7 25. Rhe1 Qc5 26. f5 Qd6 27. Qg1 Rxe1
28. Rxe1 b6 29. Qd4+ Qf6 30. fxg6 hxg6 31. Kc1 Re8 32. Rxe8 Bxe8 33. Ne2 Bd7
34. Qxf6+ Nxf6 35. c4 dxc4 36. Bxc4 Ne4 37. Nf4 Nfd6 38. Bd3 Kf6 39. Nxg6 Nf2
40. Nf4 c5 41. g5+ Kg7 42. h4 Bg4 43. Ne5 Nxd3+ 44. Nfxd3 Bf5 45. Nf4 Ne4 46.
Kd1 b5 47. a3 c4 48. Nd5 a5 49. Ke2 Nc5 50. Kd2 Be6 51. Nc7 b4 52. Nxe6+ Nxe6
53. Nxc4 bxa3 54. bxa3 Kg6 55. Nxa5 Kh5 56. Nb3 Kxh4 57. Ke3 Kxg5 58. Ke4 Kf6
59. Kd5 Ke7 60. Kc6 Kd8 61. Kb7 Kd7 62. a4 Nd8+ 63. Kb6 Kc8 64. Nc5 Kb8 65. a5
Ka8 66. a6 Kb8 67. Nd7+ Ka8 68. Nf6 Ne6 69. Nd5 Kb8 70. Nc3 Nc7 71. a7+ Ka8
1/2-1/2

[Event "SC Gronau 1-SC Steinfurt 1"]
[Site "?"]
[Date "2023.11.11"]
[Round "3.5"]
[White "Bahceci, Caner"]
[Black "Langendijk, Andre"]
[Result "1-0"]
[WhiteElo "1763"]
[BlackElo "1863"]
[PlyCount "57"]
[EventDate "2023.??.??"]
[SourceTitle "Verband Muensterland"]
[SourceDate "2023.10.22"]
[SourceVersion "1"]
[SourceVersionDate "2023.10.22"]
[SourceQuality "1"]
[WhiteTeam "Steinfurt 1"]
[BlackTeam "Gronau 1"]

1. e4 c5 2. d4 cxd4 3. c3 Nf6 4. e5 Nd5 5. Nf3 Nc6 6. Bc4 Nb6 7. Bb3 d6 8. cxd4
dxe5 9. d5 Na5 10. Nc3 Nxb3 11. Qxb3 f6 12. O-O h5 13. a4 g5 14. Qc2 Bg7 15.
Rd1 O-O 16. b3 Bg4 17. a5 Nc8 18. h3 Bxf3 19. gxf3 Qd7 20. Kh2 Nd6 21. h4 gxh4
22. Rg1 Qf5 23. Qe2 Kh7 24. Rg2 e4 25. fxe4 Qe5+ 26. Kh1 Qxc3 27. Qxh5+ Kg8 28.
Rxg7+ Kxg7 29. Bh6+ 1-0

[Event "SC Gronau 1-SC Steinfurt 1"]
[Site "?"]
[Date "2023.11.11"]
[Round "3.6"]
[White "Rothkegel, Juergen"]
[Black "Raue, Thorsten"]
[Result "1/2-1/2"]
[WhiteElo "1882"]
[BlackElo "1775"]
[PlyCount "48"]
[EventDate "2023.??.??"]
[SourceTitle "Verband Muensterland"]
[SourceDate "2023.10.22"]
[SourceVersion "1"]
[SourceVersionDate "2023.10.22"]
[SourceQuality "1"]
[WhiteTeam "Gronau 1"]
[BlackTeam "Steinfurt 1"]

1. e4 Nc6 2. Nf3 f5 3. Nc3 fxe4 4. Nxe4 d5 5. Ng3 e5 6. Bb5 Bd6 7. d3 Nf6 8.
O-O O-O 9. h3 Nd4 10. Nxd4 exd4 11. Ne2 c5 12. c3 dxc3 13. bxc3 Qc7 14. Be3 Bf5
15. Qd2 Rad8 16. Ba4 c4 17. Bc2 Bxd3 18. Bxd3 cxd3 19. Qxd3 Kh8 20. Nd4 Qd7 21.
Qb5 a6 22. Qxd7 Rxd7 23. Nf5 Be5 24. Bd4 Bxd4 1/2-1/2

[Event "SC Gronau 1-SC Steinfurt 1"]
[Site "?"]
[Date "2023.11.11"]
[Round "3.7"]
[White "Plotz, Noah"]
[Black "Tsoukkerman, Boris"]
[Result "1/2-1/2"]
[WhiteElo "1730"]
[BlackElo "1909"]
[PlyCount "69"]
[EventDate "2023.??.??"]
[SourceTitle "Verband Muensterland"]
[SourceDate "2023.10.22"]
[SourceVersion "1"]
[SourceVersionDate "2023.10.22"]
[SourceQuality "1"]
[WhiteTeam "Steinfurt 1"]
[BlackTeam "Gronau 1"]

1. c4 c5 2. Nf3 Nf6 3. Nc3 d5 4. cxd5 Nxd5 5. e4 Nc7 6. d4 cxd4 7. Nxd4 e5 8.
Nc2 Qxd1+ 9. Nxd1 Nc6 10. Bc4 Be6 11. Nde3 O-O-O 12. O-O Be7 13. Bxe6+ fxe6 14.
Nc4 b5 15. N4a3 Nd4 16. b4 Na6 17. Nxd4 Rxd4 18. Nxb5 Rxb4 19. Ba3 Rxb5 20.
Bxe7 Kd7 21. Bh4 Rb4 22. f3 Rc8 23. Bg3 Rc5 24. Bf2 Rc7 25. Rfd1+ Ke7 26. Bh4+
Kf7 27. Bg3 Kf6 28. Rd2 Rbc4 29. h4 Nb4 30. h5 Rc2 31. Rxc2 Rxc2 32. a3 Nc6 33.
Bh4+ g5 34. hxg6+ Kxg6 35. Bg3 1/2-1/2

[Event "SC Gronau 1-SC Steinfurt 1"]
[Site "?"]
[Date "2023.11.11"]
[Round "3.8"]
[White "Kloenne, Tim"]
[Black "Thomas, Wolfgang"]
[Result "1/2-1/2"]
[WhiteElo "1811"]
[BlackElo "1751"]
[PlyCount "30"]
[EventDate "2023.??.??"]
[SourceTitle "Verband Muensterland"]
[SourceDate "2023.10.22"]
[SourceVersion "1"]
[SourceVersionDate "2023.10.22"]
[SourceQuality "1"]
[WhiteTeam "Gronau 1"]
[BlackTeam "Steinfurt 1"]

1. c4 b6 2. Nc3 e6 3. b3 Bb7 4. Bb2 c5 5. Nf3 Nf6 6. g3 Be7 7. Bg2 O-O 8. O-O
d6 9. e3 a6 10. Qe2 Qc7 11. Rfd1 Nbd7 12. d4 Rfe8 13. Rac1 Bf8 14. e4 cxd4 15.
Nxd4 Rad8 1/2-1/2

[Event "SC Bocholt 1-SK Münster 32 IV"]
[Site "?"]
[Date "2023.11.11"]
[Round "3.1"]
[White "Jansen, Dirk"]
[Black "Fuest, Martin"]
[Result "0-1"]
[WhiteElo "2113"]
[BlackElo "2231"]
[PlyCount "100"]
[EventDate "2023.??.??"]
[SourceTitle "Verband Muensterland"]
[SourceDate "2023.10.22"]
[SourceVersion "1"]
[SourceVersionDate "2023.10.22"]
[SourceQuality "1"]
[WhiteTeam "Muenster IV"]
[BlackTeam "Bocholt 1"]

1. c4 c6 2. g3 d5 3. Nf3 Nf6 4. Bg2 g6 5. b3 Bg7 6. Bb2 Qb6 7. Qc2 Na6 8. O-O
O-O 9. d3 Nb4 10. Qc1 Bg4 11. Nbd2 a5 12. h3 Be6 13. Nd4 Bd7 14. c5 Qc7 15.
N2f3 e5 16. Nc2 Rfe8 17. Nxb4 axb4 18. e3 e4 19. dxe4 Nxe4 20. Bxg7 Kxg7 21.
Qb2+ f6 22. Qd4 Qa5 23. Rfc1 Nc3 24. Rc2 Bf5 25. Rd2 Re4 26. Qd3 Rc4 27. Qf1
Rxc5 28. Nd4 Qa6 29. Nxf5+ gxf5 30. Qe1 Ra5 31. Bf1 b5 32. Bd3 Qc8 33. f4 Qe6
34. Qf2 c5 35. g4 Ne4 36. gxf5 Qxf5 37. Qg2+ Kh8 38. Bxe4 dxe4 39. Rad1 Qg6 40.
Rd8+ Rxd8 41. Rxd8+ Kg7 42. Qxg6+ Kxg6 43. Rd5 Rxa2 44. Rxc5 Rb2 45. Rxb5 Rxb3
46. Kf2 Rb2+ 47. Kf1 b3 48. Kg1 Rb1+ 49. Kg2 b2 50. Kh2 Kf7 0-1

[Event "SC Bocholt 1-SK Münster 32 IV"]
[Site "?"]
[Date "2023.11.11"]
[Round "3.3"]
[White "Vogenauer, Nikolas"]
[Black "Kuhlenbaeumer, Willi"]
[Result "1-0"]
[WhiteElo "1896"]
[BlackElo "2008"]
[PlyCount "57"]
[EventDate "2023.??.??"]
[SourceTitle "Verband Muensterland"]
[SourceDate "2023.10.22"]
[SourceVersion "1"]
[SourceVersionDate "2023.10.22"]
[SourceQuality "1"]
[WhiteTeam "Muenster IV"]
[BlackTeam "Bocholt 1"]

1. d4 Nf6 2. c4 c5 3. Nf3 g6 4. Nc3 Bg7 5. e4 cxd4 6. Nxd4 O-O 7. Be3 d6 8. Be2
Nc6 9. O-O h5 10. f3 Ne5 11. Qd2 Kh7 12. Rfd1 Bd7 13. Rac1 Be6 14. b3 Qa5 15.
Nxe6 fxe6 16. Nb5 Qd8 17. Nxa7 Nf7 18. h4 Rg8 19. Nb5 Bh6 20. Bxh6 Nxh6 21. a4
Nf7 22. Qe3 e5 23. c5 g5 24. cxd6 exd6 25. Rc7 Rg7 26. Bc4 Qf8 27. Bxf7 gxh4
28. Rxd6 Rxf7 29. Rxf6 1-0

[Event "SC Bocholt 1-SK Münster 32 IV"]
[Site "?"]
[Date "2023.11.11"]
[Round "3.4"]
[White "Steiner, Karl"]
[Black "Sokolowski, Cyril"]
[Result "1/2-1/2"]
[WhiteElo "1969"]
[BlackElo "1794"]
[PlyCount "38"]
[EventDate "2023.??.??"]
[SourceTitle "Verband Muensterland"]
[SourceDate "2023.10.22"]
[SourceVersion "1"]
[SourceVersionDate "2023.10.22"]
[SourceQuality "1"]
[WhiteTeam "Bocholt 1"]
[BlackTeam "Muenster IV"]

1. c4 Nf6 2. Nf3 e6 3. g3 b6 4. Bg2 Bb7 5. O-O Be7 6. Nc3 O-O 7. d3 d5 8. cxd5
Nxd5 9. Bd2 c5 10. a3 Nc6 11. Qc2 Rc8 12. Nxd5 Qxd5 13. Qc4 Qh5 14. Bc3 Rfd8
15. Rac1 Bd6 16. Qh4 Qg6 17. Qg5 Ne7 18. Qxg6 Nxg6 19. h4 f6 1/2-1/2

[Event "SC Bocholt 1-SK Münster 32 IV"]
[Site "?"]
[Date "2023.11.11"]
[Round "3.5"]
[White "Boerger, Andreas"]
[Black "Sell, Markus"]
[Result "1-0"]
[WhiteElo "1772"]
[BlackElo "1853"]
[PlyCount "103"]
[EventDate "2023.??.??"]
[SourceTitle "Verband Muensterland"]
[SourceDate "2023.10.22"]
[SourceVersion "1"]
[SourceVersionDate "2023.10.22"]
[SourceQuality "1"]
[WhiteTeam "Muenster IV"]
[BlackTeam "Bocholt 1"]

1. c4 e6 2. Nc3 f5 3. e4 Bb4 4. exf5 Bxc3 5. Qh5+ g6 6. fxg6 Nf6 7. Qh6 Ng8 8.
Qh5 Nf6 9. Qh3 Ba5 10. Nf3 Qe7 11. Bd3 Qg7 12. gxh7 Nc6 13. a3 d6 14. O-O Bd7
15. b4 Bb6 16. Bb2 O-O-O 17. Qh4 e5 18. c5 dxc5 19. Nxe5 Nd4 20. bxc5 Bxc5 21.
Rac1 Bb6 22. Rc4 Bb5 23. Rxd4 Bxd4 24. Bxd4 Bxd3 25. Nxd3 Qxh7 26. Qxh7 Rxh7
27. Bxf6 Rxd3 28. Bc3 c5 29. g3 Kd7 30. h4 Ke8 31. Kg2 Re7 32. h5 Kf7 33. Rh1
Kg8 34. Rh4 Kh7 35. Rf4 Rd5 36. g4 Kg8 37. Kg3 Re1 38. f3 Re2 39. Rf6 Re7 40.
Rh6 Rh7 41. Re6 Rf7 42. Re8+ Rf8 43. Rxf8+ Kxf8 44. h6 Kg8 45. f4 Kh7 46. g5 b5
47. Kf3 Kg6 48. Kg4 Rd7 49. f5+ Kh7 50. Kh5 Rd4 51. g6+ Kg8 52. h7+ 1-0

[Event "SC Bocholt 1-SK Münster 32 IV"]
[Site "?"]
[Date "2023.11.11"]
[Round "3.6"]
[White "Hunhoff, Andreas"]
[Black "Schoepper, Oliver"]
[Result "1-0"]
[WhiteElo "1755"]
[BlackElo "1741"]
[PlyCount "55"]
[EventDate "2023.??.??"]
[SourceTitle "Verband Muensterland"]
[SourceDate "2023.10.22"]
[SourceVersion "1"]
[SourceVersionDate "2023.10.22"]
[SourceQuality "1"]
[WhiteTeam "Bocholt 1"]
[BlackTeam "Muenster IV"]

1. f4 c5 2. Nf3 Nc6 3. e3 g6 4. Be2 Bg7 5. O-O Nf6 6. c3 O-O 7. d4 d5 8. Ne5
Qc7 9. Nd2 b6 10. Bf3 Bb7 11. Qe1 e6 12. Qh4 Ne8 13. Be2 Qe7 14. Qxe7 Nxe7 15.
Nd7 Nd6 16. Nxf8 Rxf8 17. Bd3 f6 18. Nf3 Nf7 19. Bd2 Re8 20. Bb5 Nc6 21. Rae1
a6 22. Ba4 e5 23. Bc1 e4 24. Nd2 c4 25. Bc2 Bc8 26. b3 b5 27. bxc4 bxc4 28. Ba3
1-0

[Event "SC Bocholt 1-SK Münster 32 IV"]
[Site "?"]
[Date "2023.11.11"]
[Round "3.7"]
[White "Raschke, Wolf Dieter"]
[Black "Harbring, Thorben"]
[Result "1/2-1/2"]
[WhiteElo "1936"]
[BlackElo "1563"]
[PlyCount "102"]
[EventDate "2023.??.??"]
[SourceTitle "Verband Muensterland"]
[SourceDate "2023.10.22"]
[SourceVersion "1"]
[SourceVersionDate "2023.10.22"]
[SourceQuality "1"]
[WhiteTeam "Muenster IV"]
[BlackTeam "Bocholt 1"]

1. d4 d5 2. c4 c6 3. Nf3 Bf5 4. Nc3 e6 5. Bf4 Bd6 6. Bg3 Nf6 7. Qb3 Bxg3 8.
hxg3 Qb6 9. Qxb6 axb6 10. cxd5 exd5 11. e3 Nbd7 12. Kd2 Ng4 13. Nd1 Ndf6 14.
Bd3 Bxd3 15. Kxd3 Ne4 16. Ke2 Ngxf2 17. Nxf2 Nxg3+ 18. Kd2 Nxh1 19. Nxh1 O-O
20. a3 c5 21. b3 f6 22. Nf2 c4 23. bxc4 dxc4 24. Ne1 Ra5 25. Nc2 Rfa8 26. Kc3
Rg5 27. g4 b5 28. Rb1 Kf8 29. Rh1 h5 30. Rxh5 Rxh5 31. gxh5 b6 32. Kb4 Ra5 33.
Ne4 Ke7 34. Nc3 Ke6 35. e4 f5 36. exf5+ Kxf5 37. Ne3+ Kg5 38. Ned5 Kxh5 39.
Nxb6 Ra6 40. Kxb5 Rxa3 41. Kxc4 g5 42. d5 Ra7 43. d6 g4 44. d7 Rxd7 45. Nxd7
Kg5 46. Ne2 Kf5 47. Kd4 Ke6 48. Nc5+ Kd6 49. Ne4+ Kc6 50. Nf2 g3 51. Nxg3 Kd6
1/2-1/2

[Event "SC Bocholt 1-SK Münster 32 IV"]
[Site "?"]
[Date "2023.11.11"]
[Round "3.8"]
[White "Steverding, Tim"]
[Black "Redemann, Rolf"]
[Result "1-0"]
[WhiteElo "1656"]
[BlackElo "1598"]
[PlyCount "95"]
[EventDate "2023.??.??"]
[SourceTitle "Verband Muensterland"]
[SourceDate "2023.10.22"]
[SourceVersion "1"]
[SourceVersionDate "2023.10.22"]
[SourceQuality "1"]
[WhiteTeam "Bocholt 1"]
[BlackTeam "Muenster IV"]

1. d4 d5 2. c4 e6 3. Nc3 Nf6 4. Bg5 Bb4 5. a3 Bxc3+ 6. bxc3 c6 7. Bxf6 Qxf6 8.
e3 O-O 9. Nf3 Nd7 10. Qb3 b6 11. cxd5 exd5 12. c4 dxc4 13. Bxc4 c5 14. Bd5 Rb8
15. O-O Bb7 16. Bxb7 Rxb7 17. Qb5 cxd4 18. Nxd4 Nc5 19. Rfc1 a6 20. Qb1 Rc7 21.
Ra2 Rfc8 22. Rac2 g6 23. h3 Qe5 24. Qxb6 Kg7 25. Nf3 Qe7 26. Qb2+ f6 27. Qb4
Qd6 28. Qd4 Qxd4 29. Nxd4 Kf7 30. Nb3 Ne6 31. Rxc7+ Rxc7 32. Rxc7+ Nxc7 33. Kf1
Ke6 34. Ke2 Kd5 35. Kd3 h5 36. e4+ Ke5 37. Nc5 g5 38. g3 g4 39. hxg4 hxg4 40.
a4 f5 41. exf5 Kxf5 42. Kd4 Kf6 43. Ke4 Kg5 44. Ke5 a5 45. Ne6+ Nxe6 46. Kxe6
Kg6 47. Ke5 Kg5 48. Ke4 1-0

[Event "SF Beelen 1-SC Rochade Emsdetten 1"]
[Site "?"]
[Date "2023.11.11"]
[Round "3.1"]
[White "Mueller, Achim"]
[Black "Hofene, Dieter"]
[Result "1/2-1/2"]
[WhiteElo "2087"]
[BlackElo "2047"]
[PlyCount "40"]
[EventDate "2023.??.??"]
[SourceTitle "Verband Muensterland"]
[SourceDate "2023.10.22"]
[SourceVersion "1"]
[SourceVersionDate "2023.10.22"]
[SourceQuality "1"]
[WhiteTeam "Emsdetten 1"]
[BlackTeam "Beelen 1"]

1. e4 e6 2. d4 d5 3. Nd2 Be7 4. Bd3 c5 5. dxc5 Bxc5 6. exd5 exd5 7. Ngf3 Nf6 8.
O-O O-O 9. c3 Bg4 10. Nb3 Bb6 11. Bg5 h6 12. Bh4 g5 13. Bg3 Ne4 14. Qc2 Nxg3
15. hxg3 Nc6 16. Bf5 Bxf3 17. gxf3 Qf6 18. Rad1 d4 19. Kg2 dxc3 20. bxc3 Rad8
1/2-1/2

[Event "SF Beelen 1-SC Rochade Emsdetten 1"]
[Site "?"]
[Date "2023.11.11"]
[Round "3.2"]
[White "Hanewinkel, Christian"]
[Black "Hiller, Simon"]
[Result "0-1"]
[WhiteElo "1893"]
[BlackElo "2155"]
[PlyCount "48"]
[EventDate "2023.??.??"]
[SourceTitle "Verband Muensterland"]
[SourceDate "2023.10.22"]
[SourceVersion "1"]
[SourceVersionDate "2023.10.22"]
[SourceQuality "1"]
[WhiteTeam "Beelen 1"]
[BlackTeam "Emsdetten 1"]

1. d4 d5 2. c4 e6 3. Nc3 Nf6 4. g3 c6 5. cxd5 exd5 6. Bg2 Bf5 7. Nf3 h6 8. Qb3
Qb6 9. Qxb6 axb6 10. O-O Bb4 11. Nd2 O-O 12. f3 Re8 13. e4 Bxc3 14. bxc3 dxe4
15. fxe4 Bxe4 16. Rxf6 Bxg2 17. Rd6 Bh3 18. Nc4 Nd7 19. d5 Re2 20. a3 b5 21.
dxc6 bxc6 22. Nd2 Rg2+ 23. Kh1 Re8 24. Nf3 Rf2 0-1

[Event "SF Beelen 1-SC Rochade Emsdetten 1"]
[Site "?"]
[Date "2023.11.11"]
[Round "3.3"]
[White "Lemli, Thomas"]
[Black "Austermann, Reinhold"]
[Result "1/2-1/2"]
[WhiteElo "2046"]
[BlackElo "1817"]
[PlyCount "39"]
[EventDate "2023.??.??"]
[SourceTitle "Verband Muensterland"]
[SourceDate "2023.10.22"]
[SourceVersion "1"]
[SourceVersionDate "2023.10.22"]
[SourceQuality "1"]
[WhiteTeam "Emsdetten 1"]
[BlackTeam "Beelen 1"]

1. Nf3 d5 2. e3 e6 3. b3 f5 4. Bb2 Nf6 5. c4 c6 6. Qc2 Bd6 7. d3 O-O 8. Nbd2
Qe7 9. e4 e5 10. cxd5 cxd5 11. Be2 Nc6 12. O-O Be6 13. a3 Rac8 14. Qb1 a6 15.
Re1 b5 16. exd5 Nxd5 17. Bf1 Rfe8 18. g3 Qf8 19. Bg2 Nf6 20. b4 1/2-1/2

[Event "SF Beelen 1-SC Rochade Emsdetten 1"]
[Site "?"]
[Date "2023.11.11"]
[Round "3.4"]
[White "Hofene, Josef"]
[Black "Nordholt, Uwe"]
[Result "1/2-1/2"]
[WhiteElo "1760"]
[BlackElo "1871"]
[PlyCount "23"]
[EventDate "2023.??.??"]
[SourceTitle "Verband Muensterland"]
[SourceDate "2023.10.22"]
[SourceVersion "1"]
[SourceVersionDate "2023.10.22"]
[SourceQuality "1"]
[WhiteTeam "Beelen 1"]
[BlackTeam "Emsdetten 1"]

1. e4 e6 2. d4 d5 3. Nc3 Bb4 4. e5 c5 5. a3 Bxc3+ 6. bxc3 Ne7 7. Nf3 Nbc6 8.
Be3 c4 9. Be2 Qa5 10. Bd2 Bd7 11. O-O Ng6 12. Qb1 1/2-1/2

[Event "SF Beelen 1-SC Rochade Emsdetten 1"]
[Site "?"]
[Date "2023.11.11"]
[Round "3.5"]
[White "Hemmers, Dieter"]
[Black "Beckmann, Frank"]
[Result "1/2-1/2"]
[WhiteElo "1816"]
[BlackElo "1714"]
[PlyCount "38"]
[EventDate "2023.??.??"]
[SourceTitle "Verband Muensterland"]
[SourceDate "2023.10.22"]
[SourceVersion "1"]
[SourceVersionDate "2023.10.22"]
[SourceQuality "1"]
[WhiteTeam "Emsdetten 1"]
[BlackTeam "Beelen 1"]

1. e4 e6 2. d4 d5 3. Nc3 dxe4 4. Nxe4 Nf6 5. Bg5 Be7 6. Bxf6 Bxf6 7. Nf3 Bd7 8.
Bd3 Bc6 9. c3 Bxe4 10. Bxe4 c6 11. Qc2 h6 12. O-O Nd7 13. a4 O-O 14. Rfe1 Re8
15. Rad1 Qc7 16. c4 Rad8 17. Rd2 Nf8 18. Re3 Qb6 19. Rb3 Qc7 1/2-1/2

[Event "SF Beelen 1-SC Rochade Emsdetten 1"]
[Site "?"]
[Date "2023.11.11"]
[Round "3.6"]
[White "Hanewinkel, Winfried"]
[Black "Bahr, Maximilian"]
[Result "1/2-1/2"]
[WhiteElo "1957"]
[BlackElo "1803"]
[PlyCount "103"]
[EventDate "2023.??.??"]
[SourceTitle "Verband Muensterland"]
[SourceDate "2023.10.22"]
[SourceVersion "1"]
[SourceVersionDate "2023.10.22"]
[SourceQuality "1"]
[WhiteTeam "Beelen 1"]
[BlackTeam "Emsdetten 1"]

1. d4 d5 2. Nf3 Nf6 3. c4 c6 4. e3 e6 5. Bd3 Nbd7 6. b3 Bd6 7. Bb2 a5 8. O-O a4
9. Nbd2 O-O 10. Qc2 Re8 11. Ne5 Qc7 12. Ndf3 h6 13. h3 Nf8 14. c5 Be7 15. b4
Bd7 16. a3 N6h7 17. Nxf7 Kxf7 18. Bxh7 Bf6 19. Bd3 Kg8 20. Bc3 Rec8 21. Rab1
Be8 22. Nd2 e5 23. dxe5 Bxe5 24. Nf3 Bxc3 25. Qxc3 Ng6 26. Qc2 Ne5 27. Nxe5
Qxe5 28. Qb2 Qg5 29. Qd4 Bd7 30. Kh1 Rf8 31. Bc2 Rf7 32. Rbe1 Raf8 33. f4 Qg3
34. Qd1 Bxh3 35. Qf3 Qxf3 36. Rxf3 Bf5 37. Bd1 Bg4 38. Rg3 Bxd1 39. Rxd1 Re8
40. Kg1 Rfe7 41. Rd3 Re4 42. Kf2 Rc4 43. Kf3 Re6 44. Rh3 Kf7 45. g3 Rf6 46. Rh2
Ke7 47. Re2 Re6 48. Red2 Rc1 49. Rd1 Rc2 50. R1d2 Rc1 51. Rd1 Rc2 52. R1d2
1/2-1/2

[Event "SF Beelen 1-SC Rochade Emsdetten 1"]
[Site "?"]
[Date "2023.11.11"]
[Round "3.7"]
[White "Weist, Thorsten"]
[Black "Gaebler, Marcel"]
[Result "1/2-1/2"]
[WhiteElo "1820"]
[BlackElo "1686"]
[PlyCount "46"]
[EventDate "2023.??.??"]
[SourceTitle "Verband Muensterland"]
[SourceDate "2023.10.22"]
[SourceVersion "1"]
[SourceVersionDate "2023.10.22"]
[SourceQuality "1"]
[WhiteTeam "Emsdetten 1"]
[BlackTeam "Beelen 1"]

1. d4 Nf6 2. Nf3 e6 3. c4 d5 4. Nc3 Bb4 5. Bg5 O-O 6. e3 c6 7. Bd3 Nbd7 8. O-O
Bxc3 9. bxc3 Qa5 10. Bxf6 Nxf6 11. Qc2 h6 12. c5 Qc7 13. Rab1 b6 14. cxb6 axb6
15. a4 Ba6 16. c4 Qa7 17. Ne5 Rfc8 18. c5 bxc5 19. Bxa6 Qxa6 20. Qxc5 Ne4 21.
Qe7 Ra7 22. Qb4 Qxa4 23. Rfc1 Qxb4 1/2-1/2

[Event "SF Beelen 1-SC Rochade Emsdetten 1"]
[Site "?"]
[Date "2023.11.11"]
[Round "3.8"]
[White "Henke, Wolfgang"]
[Black "Schmidt, Frank"]
[Result "1/2-1/2"]
[WhiteElo "1888"]
[BlackElo "1820"]
[PlyCount "24"]
[EventDate "2023.??.??"]
[SourceTitle "Verband Muensterland"]
[SourceDate "2023.10.22"]
[SourceVersion "1"]
[SourceVersionDate "2023.10.22"]
[SourceQuality "1"]
[WhiteTeam "Beelen 1"]
[BlackTeam "Emsdetten 1"]

1. e4 e6 2. d4 d5 3. e5 c5 4. c3 Nc6 5. Nf3 Qb6 6. Bd3 Bd7 7. O-O cxd4 8. Re1
dxc3 9. Nxc3 a6 10. Ng5 g6 11. Qf3 Nd8 12. a3 Bc6 1/2-1/2

[Event "SG Turm Raesfeld-Erle 2-SC Klein-Berlin"]
[Site "?"]
[Date "2023.11.11"]
[Round "3.1"]
[White "Averkamp Peters, Jens"]
[Black "Greifenberg, Daniel"]
[Result "1/2-1/2"]
[WhiteElo "2030"]
[BlackElo "2097"]
[PlyCount "25"]
[EventDate "2023.??.??"]
[SourceTitle "Verband Muensterland"]
[SourceDate "2023.10.22"]
[SourceVersion "1"]
[SourceVersionDate "2023.10.22"]
[SourceQuality "1"]
[WhiteTeam "Rheine"]
[BlackTeam "Raesfeld-Erle 2"]

1. e4 c6 2. d4 d5 3. Nc3 dxe4 4. Nxe4 Nd7 5. Bc4 e6 6. Nf3 Ngf6 7. Nxf6+ Nxf6
8. O-O b5 9. Bd3 Be7 10. Ne5 Bb7 11. Qf3 Qd5 12. Qg3 a6 13. c4 1/2-1/2